000 00584cam a2200169 a 4500
020 _a0262510960 (pbk. : alk. paper)
082 0 0 _a005.133F
_bFOR
_cMCE-L40,P03
245 0 0 _aFortran 95 handbook :
_bcomplete ISO/ANSI reference /
_cJeanne C. Adams ... [et al.].
260 _aCambridge, Mass :
_bMIT Press,
_cc1997.
300 _axii, 711 p. :
_bill. ;
_c23 cm.
500 _aIncludes index.
526 _a0
_b0
_c0
_d005_000000000000000_133F_FOR
650 0 _aFORTRAN 95 (Computer program language)
_936706
650 0 _aMCE
_9379
700 1 _aAdams, Jeanne C.
_936707
942 _2ddc
_cBK
999 _c541700
_d541700